000 00827cam a22002651 4500
001 6836
003 BD-RjUL
005 20211208234325.0
008 140112s1962 nyu 001 0 eng c
035 _a(BD-RjUL)6878
035 _a(OCoLC)1019444
040 _aIndiana. Univ. Libr.
_cOYU
_dOCoLC
_dUk
_dDLC
_dBD-RjUL
_beng
041 _aeng
082 _222
_a512
_bDAH 1962
100 1 _aDavenport, Harold
_d1907-
_921479
245 1 4 _aThe higher arithmetic :
_ban introduction to the theory of numbers /
_cHarold Davenport
260 _aNew York :
_bHutchinson House ,
_cc1962
300 _a172 p. ;
_c18 cm.
490 0 _aHutchinson's university library. Mathematical and physical sciences
504 _aIncludes index.
650 0 _aArithmetic.
_921480
942 _2ddc
_cBK
999 _c6836
_d6836